[Event "HUN-chT2 Toth 1819"]
[Site "Hungary"]
[Date "2019.04.28"]
[Round "11.8"]
[White "Veres, Sandor"]
[Black "Csibor, Andras"]
[Result "0-1"]
[WhiteElo "1503"]
[BlackElo "1807"]
[PlyCount "112"]
[EventDate "2018.09.23"]
[EventType "team-tourn"]
[EventRounds "11"]
[EventCountry "HUN"]
[SourceTitle "EXT 2021"]
[Source "ChessBase"]
[SourceDate "2020.10.23"]
[SourceVersion "1"]
[SourceVersionDate "2020.10.23"]
[SourceQuality "1"]
[WhiteTeam "Szeged Maroczy III"]
[BlackTeam "Mako Duocor II"]
[WhiteTeamCountry "HUN"]
[BlackTeamCountry "HUN"]

1. d4 d5 2. c4 e6 3. Nc3 Nf6 4. Bg5 Be7 5. e3 h6 6. Bh4 c6 7. Nf3 Nbd7 8. Bd3 0-0 9. Qc2 Re8 10. h3 dxc4 11. Bxc4 Nd5 12. Bxe7 Qxe7 13. a3 b6 14. Ne2 Bb7 15. 0-0 Rac8 16. Qd3 N5f6 17. Rac1 c5 18. Ne5 Nxe5 19. dxe5 Nd7 20. Qc3 Qg5 21. Ng3 Qxe5 22. Qxe5 Nxe5 23. Be2 Red8 24. Rcd1 Kf8 25. Nh5 g6 26. f4 Nd7 27. Bb5 Bc6 28. Bxc6 Rxc6 29. Nf6 Ke7 30. Ne4 f5 31. Nc3 a6 32. a4 Rd6 33. Kf2 Nf6 34. Ke2 Rxd1 35. Rxd1 Rxd1 36. Kxd1 Nd5 37. Ke2 Nxc3+ 38. bxc3 b5 39. axb5 axb5 40. Kd3 Kd6 41. e4 fxe4+ 42. Kxe4 Kc6 43. g4 Kd6 44. h4 Ke7 45. g5 h5 46. Ke5 Kd7 47. Kf6 b4 48. Kxg6 b3 49. Kh6 b2 50. g6 Ke7 51. g7 Kf7 52. f5 Kg8 53. f6 b1Q 54. Kxh5 Kf7 55. Kg5 Qf5+ 56. Kh6 Qg6# 0-1

[Event "HUN-chT2 Maroczy 1819"]
[Site "Hungary"]
[Date "2019.02.10"]
[Round "7.9"]
[White "Veres, Sandor"]
[Black "Rakaczki, Csaba"]
[Result "0-1"]
[WhiteElo "1511"]
[BlackElo "2076"]
[PlyCount "64"]
[EventDate "2018.09.23"]
[EventType "team-tourn"]
[EventRounds "11"]
[EventCountry "HUN"]
[SourceTitle "EXT 2020"]
[Source "ChessBase"]
[SourceDate "2019.10.17"]
[SourceVersion "1"]
[SourceVersionDate "2019.10.17"]
[SourceQuality "1"]
[WhiteTeam "Szeged Maroczy II"]
[BlackTeam "Lillafured DVTK II"]
[WhiteTeamCountry "HUN"]
[BlackTeamCountry "HUN"]

1. d4 f5 2. c4 e6 3. Nc3 Nf6 4. Bg5 Bb4 5. e3 0-0 6. Bd3 Qe8 7. Bxf6 Rxf6 8. Nf3 b6 9. 0-0 Bxc3 10. bxc3 Bb7 11. Qe2 Rh6 12. e4 Qh5 13. h3 g5 14. exf5 g4 15. Ne5 exf5 16. d5 d6 17. Nc6 Nxc6 18. dxc6 Bxc6 19. Qe3 gxh3 20. Qxh3 Rg6 21. Qxh5 Rxg2+ 22. Kh1 Rg5+ 23. Kh2 Rxh5+ 24. Kg3 Kf7 25. Kf4 Kf6 26. Be2 Rh4+ 27. Kg3 Rh6 28. Kf4 Re8 29. Bd3 Rh4+ 30. Kg3 Rg4+ 31. Kh2 Reg8 32. Bxf5 Kxf5 0-1